[Event "Eurasia Open Cup 2019"]
[Site "Ekaterinburg"]
[Date "2019.07.31"]
[Round "1.1"]
[White "Alekseev, Evgeny"]
[Black "Tyurin, Ilya"]
[Result "1-0"]
[WhiteElo "2645"]
[BlackElo "2168"]
[Annotator "RC"]
[PlyCount "169"]
[EventDate "2019.07.31"]
[EventType "swiss"]
[EventCountry "RUS"]
[SourceTitle "playchess.com"]
[Source "ChessBase"]
[SourceQuality "1"]
[TimeControl "5400+30"]

1. e4 {[%emt 0:43:01]} c6 {[%emt 0:23:02]} 2. d4 {[%emt 0:05:29]} d5 {[%emt 0:26:25]} 3. exd5 {[%emt 0:05:43]} cxd5 {[%emt 0:00:17]} 4. Bd3 {[%emt 0:13:07]} Nc6 {[%emt 0:04:55]} 5. c3 {[%emt 0:00:00]} Qc7 {[%emt 0:01:41]} 6. h3 {[%emt 0:06:46]} g6 {[%emt 0:00:05]} 7. Nf3 {[%emt 0:00:30]} Bf5 {[%emt 0:01:06]} 8. O-O {[%emt 0:03:15]} Nf6 {[%emt 0:00:48]} 9. Re1 {[%emt 0:07:47]} Bxd3 {[%emt 0:01:39]} 10. Qxd3 {[%emt 0:02:53]} Bg7 {[%emt 0:02:24]} 11. Nbd2 {[%emt 0:00:48]} O-O {[%emt 0:08:57]} 12. Nb3 {[%emt 0:02:28]} Ne4 {[%emt 0:01:50]} 13. Ng5 {[%emt 0:00:53]} Nxg5 {[%emt 0:03:09]} 14. Bxg5 {[%emt 0:00:01]} e6 {[%emt 0:00:44]} 15. Re2 {[%emt 0:00:25]} Na5 {[%emt 0:06:32]} 16. Nc1 {[%emt 0:00:01]} Qc4 {[%emt 0:00:08]} 17. Qf3 {[%emt 0:03:21]} f6 {[%emt 0:00:34]} 18. b3 {[%emt 0:00:00]} Qc6 {[%emt 0:00:47]} 19. Bd2 {[%emt 0:01:18]} e5 {[%emt 0:01:25]} 20. dxe5 {[%emt 0:00:31]} fxe5 {[%emt 0:00:00]} 21. Qe3 {[%emt 0:00:50]} e4 {[%emt 0:03:51]} 22. Re1 {[%emt 0:00:51]} Qd6 {[%emt 0:00:46]} 23. Ne2 {[%emt 0:00:56]} Nc6 {[%emt 0:03:20]} 24. Rad1 {[%emt 0:00:00]} Ne5 {[%emt 0:01:27]} 25. Qg3 {[%emt 0:01:01]} Qa6 {[%emt 0:01:19]} 26. Nc1 {[%emt 0:00:00]} Rad8 {[%emt 0:03:35]} 27. Be3 {[%emt 0:00:19]} Nc6 {[%emt 0:00:45]} 28. Bg5 {[%emt 0:00:32]} Bf6 {[%emt 0:00:09]} 29. Bxf6 {[%emt 0:00:30]} Rxf6 {[%emt 0:00:40]} 30. c4 {[%emt 0:00:02]} Qa5 {[%emt 0:00:18]} 31. cxd5 {[%emt 0:00:32]} Rxd5 {[%emt 0:00:18]} 32. Qe3 {[%emt 0:00:58]} Rfd6 {[%emt 0:00:34]} 33. Rxd5 {[%emt 0:00:02]} Qxd5 {[%emt 0:00:03]} 34. Ne2 {[%emt 0:00:40]} Qd2 {[%emt 0:01:49]} 35. Nc3 {[%emt 0:00:58]} Qxe3 {[%emt 0:00:20]} 36. Rxe3 {[%emt 0:00:19]} Rd2 {[%emt 0:01:17]} 37. a3 {[%emt 0:01:01]} Rb2 {[%emt 0:00:13]} 38. Nxe4 {[%emt 0:00:32]} Nd4 {[%emt 0:00:10]} 39. b4 {[%emt 0:00:11]} Ra2 {[%emt 0:00:05]} 40. Rd3 {[%emt 0:00:36]} Ne6 {[%emt 0:00:42]} 41. Rd7 {[%emt 0:00:22]} h5 {[%emt 0:01:10]} 42. Rxb7 {[%emt 0:00:07]} Rxa3 {[%emt 0:00:18]} 43. h4 {[%emt 0:00:24]} Rb3 {[%emt 0:00:29]} 44. Nf6+ {[%emt 0:00:43]} Kf8 {[%emt 0:00:31]} 45. Nd7+ {[%emt 0:00:44]} Kg8 {[%emt 0:00:43]} 46. Ne5 {[%emt 0:00:40]} Nf4 {[%emt 0:00:28]} 47. g3 {[%emt 0:00:46]} Rb1+ {[%emt 0:00:59]} 48. Kh2 {[%emt 0:00:00]} Nd5 {[%emt 0:00:33]} 49. Rxa7 {[%emt 0:00:02]} Rxb4 {[%emt 0:00:28]} 50. Nxg6 {[%emt 0:00:13]} Nf6 {[%emt 0:00:18]} 51. Ra2 {[%emt 0:00:10]} Rb3 {[%emt 0:00:05]} 52. Nf4 {[%emt 0:00:07]} Rb5 {[%emt 0:00:04]} 53. Kg2 {[%emt 0:01:06]} Kg7 {[%emt 0:00:11]} 54. Ra7+ {[%emt 0:00:05]} Kh6 {[%emt 0:00:15]} 55. Re7 {[%emt 0:00:04]} Ra5 {[%emt 0:00:07]} 56. Re6 {[%emt 0:01:33]} Kg7 {[%emt 0:00:22]} 57. Nd3 {[%emt 0:00:26]} Rd5 {[%emt 0:00:22]} 58. Re3 {[%emt 0:00:06]} Ng4 {[%emt 0:00:17]} 59. Re7+ {[%emt 0:00:03]} Kh6 {[%emt 0:01:14]} 60. Re6+ {[%emt 0:00:00]} Kg7 {[%emt 0:00:20]} 61. Nf4 {[%emt 0:00:17]} Rd2 {[%emt 0:00:11]} 62. Nxh5+ {[%emt 0:01:04]} Kh8 {[%emt 0:00:21]} 63. Re8+ {[%emt 0:01:33]} Kh7 {[%emt 0:00:15]} 64. Kf3 {[%emt 0:00:24]} Nxf2 {[%emt 0:00:19]} 65. Nf6+ {[%emt 0:01:20]} Kg6 {[%emt 0:00:21]} 66. Ne4 {[%emt 0:00:04]} Nxe4 {[%emt 0:01:15]} 67. Rxe4 {[%emt 0:00:50]} Rd6 {[%emt 0:00:05]} 68. Kg4 {[%emt 0:00:14]} Ra6 {[%emt 0:00:04]} 69. h5+ {[%emt 0:00:20]} Kh6 {[%emt 0:00:25]} 70. Kh4 {[%emt 0:00:30]} Ra5 {[%emt 0:00:43]} 71. g4 {[%emt 0:00:37]} Kg7 {[%emt 0:04:08]} 72. Re6 {[%emt 0:01:59]} Rb5 {[%emt 0:00:30]} 73. Rc6 {[%emt 0:00:30]} Ra5 {[%emt 0:00:30]} 74. h6+ {[%emt 0:00:30]} Kh7 {[%emt 0:00:30]} 75. g5 {[%emt 0:00:30]} Ra1 {[%emt 0:00:30]} 76. Rc7+ {[%emt 0:00:30]} Kg8 {[%emt 0:00:30]} 77. Kh5 {[%emt 0:00:30]} Ra8 {[%emt 0:00:30]} 78. Re7 {[%emt 0:00:30]} Rb8 {[%emt 0:00:30]} 79. Rd7 {[%emt 0:00:30]} Ra8 {[%emt 0:00:30]} 80. g6 {[%emt 0:00:30]} Ra5+ {[%emt 0:00:30]} 81. Kg4 {[%emt 0:00:30]} Ra4+ {[%emt 0:00:30]} 82. Kf5 {[%emt 0:00:30]} Ra8 {[%emt 0:00:30]} 83. Ke6 {[%emt 0:00:30]} Kh8 {[%emt 0:00:30]} 84. Ke7 {[%emt 0:00:30]} Rg8 {[%emt 0:00:30]} 85. Rd8 {[%emt 0:00:30]} 1-0

[Event "Eurasia Open Cup 2019"]
[Site "Ekaterinburg"]
[Date "2019.07.31"]
[Round "1.2"]
[White "Lisimenko, Ruslan"]
[Black "Khismatullin, Denis"]
[Result "0-1"]
[WhiteElo "2112"]
[BlackElo "2618"]
[Annotator "TA"]
[PlyCount "56"]
[EventDate "2019.07.31"]
[EventType "swiss"]
[EventCountry "RUS"]
[SourceTitle "playchess.com"]
[Source "ChessBase"]
[SourceQuality "1"]

{[%evp 18,84,30,11,7,7,6,0,10,0,0,0,5,0,0,0,0,0,0,0,0,-41,-42,-35,-41,-15,-25,-128,-139,-126,-136,-135,-133,-126,-134,-128,-124,-287,-277,-502,-474,-498,-498,-489,-485,-558,-525,-543,-537,-523,-508,-530,-459,-660,-659,-2364,-667,-692,-691,-677,-672,-29980,-29981,-29980,-1025,-29981,-29982,-29982,-29983]} 1. d4 Nf6 2. c4 e6 3. g3 c5 4. d5 exd5 5. cxd5 d6 6. Nc3 g6 7. Bg2 Bg7 8. Nf3 O-O 9. O-O Re8 10. h3 Nbd7 {[%cal Bb8d7,Bd7e5,Be5f7][%mdl 32] A62: Modern Benoni: Fianchetto Variation without early ...Nbd7} 11. Nd2 Nh5 12. e4 $146 ({Predecessor:} 12. Nde4 Ndf6 13. g4 Nxe4 14. Nxe4 f5 15. Nxd6 Qxd6 16. gxh5 f4 17. e4 fxe3 18. Bxe3 Bxb2 {½-½ (58) Ashwin,J (2449)-Atalik,S (2619) Kavala 2011}) 12... Ne5 {The position is equal.} 13. Kh2 b6 14. a4 a6 15. Qc2 f5 16. f4 Nf7 17. Nc4 Rb8 18. Bd2 Nf6 19. e5 dxe5 20. fxe5 Nxe5 21. Nxe5 Rxe5 22. Bf4 (22. Rae1 $11 Rxe1 23. Rxe1) 22... Nh5 $17 23. Bxe5 Bxe5 24. Ne2 {[#]} Qd6 $1 {[%mdl 1024] Black has strong compensation.} 25. Rf3 Bd7 26. Rc1 Re8 27. a5 $2 (27. b3 $17) 27... Bb5 $19 {Threatens to win with ...Bxe2.} ({Not} 27... bxa5 28. Qxc5 Qb8 29. d6 $15 (29. Qxa5 Qxb2 30. Re1 Bb5 $15)) 28. Re1 $2 {[#]} (28. Nc3 Nxg3 29. Nxb5 axb5 30. a6) 28... Bxg3+ {Played: Nh5xg3} 0-1

[Event "Eurasia Open Cup 2019"]
[Site "Ekaterinburg"]
[Date "2019.07.31"]
[Round "1.3"]
[White "Kokarev, Dmitry"]
[Black "Gabdrakhmanov, Azat"]
[Result "1/2-1/2"]
[WhiteElo "2607"]
[BlackElo "2111"]
[Annotator "TA"]
[PlyCount "121"]
[EventDate "2019.07.31"]
[EventType "swiss"]
[EventCountry "RUS"]
[SourceTitle "playchess.com"]
[Source "ChessBase"]
[SourceQuality "1"]

{[%evp 16,121,58,33,55,7,44,23,30,27,44,37,45,23,25,19,30,22,35,32,54,20,22,25,55,0,0,-5,24,25,48,-12,0,0,0,-33,-6,-29,-14,-29,-14,0,0,0,9,10,18,9,8,0,0,0,0,0,0,0,0,0,0,0,0,0,0,0,0,0,0,0,0,0,0,0,0,0,0,0,0,0,0,0,0,0,0,0,0,0,0,0,0,0,0,0,0,0,0,-2,-2,-9,-9,-9,-9,-9,-9,-9,-9,-9,-10,-108]} 1. e4 c5 2. Nf3 e6 3. d4 cxd4 4. Nxd4 a6 5. Bd3 Nf6 6. O-O d6 7. c4 Be7 8. Nc3 O-O 9. Qe2 Nbd7 {B42: Sicilian: Kan Variation: 5 Bd3} 10. Kh1 (10. b3 Qc7 11. Bb2 b6 12. f4 Bb7 13. Kh1 Rfe8 14. Rae1 Rad8 15. Bb1 g6 16. Qf2 Bf8 17. Nf3 Bg7 18. Ng5 Re7 {½-½ (61) Perez Candelario,M (2611)-Aroshidze,L (2504) Linares 2018}) 10... Re8 11. f4 Nc5 {White has an edge.} 12. Bc2 e5 13. fxe5 dxe5 14. Nf5 Bxf5 $1 15. exf5 Qb6 $146 ({Predecessor:} 15... Qc7 16. Bg5 Bd8 17. Rad1 Qc6 18. Bxf6 Bxf6 19. b4 e4 20. Nd5 Nd3 21. Bxd3 exd3 22. Qxd3 Rac8 23. Rfe1 Red8 24. c5 {1-0 (24) Henrichs,T (2471)-Kaplun,D (1820) Solingen 2010}) 16. Rb1 h6 17. Be3 {[#] b4 is the strong threat.} Qc7 18. a3 Rac8 19. b4 Ncd7 20. c5 ({White should play} 20. Bb3 $1 $14) 20... b6 $11 {[%cal Rb6c5]} 21. Bd3 bxc5 22. Bxa6 cxb4 23. Bxc8 ({Better is} 23. axb4 $14 Rb8 24. Nb5) 23... Qxc8 24. Nb5 bxa3 25. Qa2 Qc6 26. Bc1 Ra8 27. Bxa3 Bxa3 28. Nxa3 {The position is equal.} Qc5 29. Ra1 Ng4 30. Qc2 Qe7 31. Qe4 Rxa3 32. Qxg4 Nf6 33. Qc4 Rxa1 34. Qc8+ Kh7 {[%cal Ra1f1]} 35. Rxa1 {[%mdl 4096] Endgame KQR-KQN} Qb4 36. Qc2 Qf4 37. g3 Qf3+ 38. Kg1 e4 39. Rf1 Qe3+ 40. Kg2 Qd4 41. Qf2 e3 42. Qe2 Nd5 43. Re1 Qb4 44. Kh3 Qe4 45. Qg4 Qe5 46. Qf3 Qc3 47. Rg1 Nf6 48. Rg2 {And now Re2 would win.} Qd4 {Hoping for ...Ne4.} 49. Re2 Ne4 {Strongly threatening ...Ng5+.} 50. Kg2 Ng5 51. Qxe3 Qd5+ {[%mdl 64] [#] Double Attack} 52. Kf2 Qh1 {[%cal Rg5h3]} 53. Qd3 Qxh2+ 54. Ke1 Qh1+ 55. Kd2 Nf3+ 56. Kc3 Qa1+ 57. Kb4 $132 {[%mdl 2048] White is not holding back} Ne5 58. Qe4 f6 59. Kb3 Qd1+ 60. Kc3 Qc1+ 61. Kd4 {Accuracy: White = 68%, Black = 72%.} (61. Kb3 $11 {keeps the balance.}) 1/2-1/2

[Event "Eurasia Open Cup 2019"]
[Site "Ekaterinburg"]
[Date "2019.07.31"]
[Round "1.4"]
[White "Miroshnik, Ekaterina"]
[Black "Pridorozhni, Aleksei"]
[Result "0-1"]
[WhiteElo "2103"]
[BlackElo "2586"]
[Annotator "ChessBase"]
[PlyCount "110"]
[EventDate "2019.07.31"]
[EventType "swiss"]
[EventCountry "RUS"]
[SourceTitle "playchess.com"]
[Source "ChessBase"]
[SourceQuality "1"]
[TimeControl "5400+30"]

1. d4 {[%emt 0:36:39]} d6 {[%emt 0:19:24]} 2. c4 {[%emt 0:12:06]} e5 {[%emt 0:03:27]} 3. e3 {[%emt 0:04:05]} f5 {[%emt 0:01:44]} 4. Nf3 {[%emt 0:00:19]} e4 {[%emt 0:00:10]} 5. Nfd2 {[%emt 0:03:28]} Nf6 {[%emt 0:00:29]} 6. Nc3 {[%emt 0:03:09]} g6 {[%emt 0:00:38]} 7. Be2 {[%emt 0:02:26]} Bg7 {[%emt 0:00:28]} 8. O-O {[%emt 0:01:07]} O-O {[%emt 0:08:05]} 9. Qc2 {[%emt 0:04:41]} c6 {[%emt 0:01:24]} 10. b4 {[%emt 0:02:12]} Be6 {[%emt 0:10:26]} 11. a4 {[%emt 0:00:53]} Nbd7 {[%emt 0:02:23]} 12. Rb1 {[%emt 0:01:44]} g5 {[%emt 0:01:00]} 13. f3 {[%emt 0:01:46]} d5 {[%emt 0:03:45]} 14. cxd5 {[%emt 0:01:45]} Nxd5 {[%emt 0:02:22]} 15. Nc4 {[%emt 0:01:10]} N7f6 {[%emt 0:00:08]} 16. Nxd5 {[%emt 0:00:08]} cxd5 {[%emt 0:01:42]} 17. Ne5 {[%emt 0:00:59]} exf3 {[%emt 0:00:19]} 18. Bxf3 {[%emt 0:00:00]} g4 {[%emt 0:02:22]} 19. Bd1 {[%emt 0:03:38]} Rc8 {[%emt 0:01:21]} 20. Qd3 {[%emt 0:00:21]} Ne4 {[%emt 0:01:07]} 21. Bb2 {[%emt 0:00:54]} Rc7 {[%emt 0:00:21]} 22. Bb3 {[%emt 0:00:51]} Qh4 {[%emt 0:00:42]} 23. Rbe1 {[%emt 0:00:21]} Rfc8 {[%emt 0:00:47]} 24. Qe2 {[%emt 0:02:02]} Bh6 {[%emt 0:00:14]} 25. Nd3 {[%emt 0:01:25]} b6 {[%emt 0:00:28]} 26. b5 {[%emt 0:01:26]} Qe7 {[%emt 0:00:33]} 27. Rc1 {[%emt 0:00:33]} Bg5 {[%emt 0:00:07]} 28. Rxc7 {[%emt 0:03:08]} Rxc7 {[%emt 0:00:55]} 29. Rc1 {[%emt 0:00:47]} h5 {[%emt 0:00:35]} 30. Rxc7 {[%emt 0:00:06]} Qxc7 {[%emt 0:00:39]} 31. Ne5 {[%emt 0:00:18]} Qd6 {[%emt 0:00:22]} 32. Qe1 {[%emt 0:00:16]} h4 {[%emt 0:00:11]} 33. Bc1 {[%emt 0:00:05]} Qc7 {[%emt 0:01:03]} 34. Bd2 {[%emt 0:00:48]} h3 {[%emt 0:00:08]} 35. g3 {[%emt 0:00:08]} Bf6 {[%emt 0:00:58]} 36. Nc6 {[%emt 0:00:15]} Kg7 {[%emt 0:00:31]} 37. Bb4 {[%emt 0:00:05]} a6 {[%emt 0:00:25]} 38. Kh1 {[%emt 0:00:44]} Bg5 {[%emt 0:00:37]} 39. Ba3 {[%emt 0:02:52]} axb5 {[%emt 0:00:04]} 40. axb5 {[%emt 0:00:10]} Qc8 {[%emt 0:00:36]} 41. Bb4 {[%emt 0:00:18]} Kh6 {[%emt 0:00:13]} 42. Kg1 {[%emt 0:00:05]} Kh5 {[%emt 0:00:31]} 43. Kh1 {[%emt 0:00:27]} Qh8 {[%emt 0:37:46]} 44. Ba3 {[%emt 0:11:20]} Qh6 {[%emt 0:00:30]} 45. Bc1 {[%emt 0:00:30]} Qf8 {[%emt 0:00:30]} 46. Bb2 {[%emt 0:00:30]} Qh6 {[%emt 0:00:30]} 47. Bc1 {[%emt 0:00:30]} Nd6 {[%emt 0:00:30]} 48. Qe2 {[%emt 0:00:30]} Nc4 {[%emt 0:00:30]} 49. Bxc4 {[%emt 0:00:30]} dxc4 {[%emt 0:00:30]} 50. Nb4 {[%emt 0:00:30]} Qf8 {[%emt 0:00:30]} 51. Bd2 {[%emt 0:00:30]} Qa8+ {[%emt 0:00:30]} 52. Kg1 {[%emt 0:00:30]} c3 {[%emt 0:00:30]} 53. Bc1 {[%emt 0:00:30]} Bc4 {[%emt 0:00:30]} 54. Qf2 {[%emt 0:00:30]} Qe4 {[%emt 0:00:30]} 55. Nc2 {[%emt 0:00:30]} Bxb5 {[%emt 0:00:30]} 0-1

[Event "Eurasia Open Cup 2019"]
[Site "Ekaterinburg"]
[Date "2019.07.31"]
[Round "1.5"]
[White "Shaposhnikov, Evgeny"]
[Black "Fomin, Pavel V."]
[Result "1/2-1/2"]
[WhiteElo "2575"]
[BlackElo "2103"]
[Annotator "ChessBase"]
[PlyCount "77"]
[EventDate "2019.07.31"]
[EventType "swiss"]
[EventCountry "RUS"]
[SourceTitle "playchess.com"]
[Source "ChessBase"]
[SourceQuality "1"]
[TimeControl "5400+30"]

1. Nf3 {[%emt 0:34:53]} Nf6 {[%emt 0:15:13]} 2. c4 {[%emt 0:02:25]} c5 {[%emt 0:02:08]} 3. Nc3 {[%emt 0:04:12]} g6 {[%emt 0:14:19]} 4. d4 {[%emt 0:18:04]} cxd4 {[%emt 0:14:05]} 5. Nxd4 {[%emt 0:00:23]} Bg7 {[%emt 0:00:23]} 6. g3 {[%emt 0:04:58]} O-O {[%emt 0:01:24]} 7. Bg2 {[%emt 0:02:49]} Nc6 {[%emt 0:03:02]} 8. O-O {[%emt 0:00:36]} Nxd4 {[%emt 0:03:34]} 9. Qxd4 {[%emt 0:04:56]} d6 {[%emt 0:08:59]} 10. Qd3 {[%emt 0:03:10]} Nd7 {[%emt 0:00:46]} 11. b3 {[%emt 0:00:32]} Nc5 {[%emt 0:04:29]} 12. Qe3 {[%emt 0:00:22]} Bd7 {[%emt 0:00:21]} 13. Bd2 {[%emt 0:00:56]} Bc6 {[%emt 0:03:10]} 14. Rac1 {[%emt 0:00:31]} e5 {[%emt 0:00:50]} 15. Nd5 {[%emt 0:00:56]} Ne6 {[%emt 0:00:06]} 16. Bc3 {[%emt 0:05:33]} Qd7 {[%emt 0:00:37]} 17. Qd2 {[%emt 0:03:32]} f5 {[%emt 0:04:43]} 18. e3 {[%emt 0:04:15]} Rad8 {[%emt 0:00:54]} 19. Rcd1 {[%emt 0:00:05]} e4 {[%emt 0:00:10]} 20. Qc2 {[%emt 0:00:05]} Nc5 {[%emt 0:00:11]} 21. Bxg7 {[%emt 0:01:43]} Qxg7 {[%emt 0:02:55]} 22. Rd4 {[%emt 0:02:10]} Nd3 {[%emt 0:01:14]} 23. Qd2 {[%emt 0:00:09]} Rfe8 {[%emt 0:17:57]} 24. Rd1 {[%emt 0:04:45]} Re6 {[%emt 0:00:30]} 25. Nb4 {[%emt 0:00:30]} Nxb4 {[%emt 0:00:30]} 26. Qxb4 {[%emt 0:00:30]} Qe5 {[%emt 0:00:30]} 27. c5 {[%emt 0:00:30]} d5 {[%emt 0:00:30]} 28. Qa5 {[%emt 0:00:30]} Qb8 {[%emt 0:00:30]} 29. b4 {[%emt 0:00:30]} b6 {[%emt 0:00:30]} 30. cxb6 {[%emt 0:00:30]} axb6 {[%emt 0:00:30]} 31. Qa3 {[%emt 0:00:30]} Qa8 {[%emt 0:00:30]} 32. Qb2 {[%emt 0:00:30]} Qa4 {[%emt 0:00:30]} 33. Rc1 {[%emt 0:00:30]} Ra8 {[%emt 0:00:30]} 34. b5 {[%emt 0:00:30]} Qxb5 {[%emt 0:00:30]} 35. Rb4 {[%emt 0:00:30]} Qa5 {[%emt 0:00:30]} 36. Rxb6 {[%emt 0:00:30]} Rc8 {[%emt 0:00:30]} 37. Bf1 {[%emt 0:00:30]} Bd7 {[%emt 0:00:30]} 38. Rxe6 {[%emt 0:00:30]} Rxc1 {[%emt 0:00:30]} 39. Re7 {[%emt 0:00:30]} 1/2-1/2

[Event "Eurasia Open Cup 2019"]
[Site "Ekaterinburg"]
[Date "2019.07.31"]
[Round "1.6"]
[White "Kolomensky, Vladimir"]
[Black "Bocharov, Ivan"]
[Result "0-1"]
[WhiteElo "2101"]
[BlackElo "2559"]
[Annotator "ChessBase"]
[PlyCount "62"]
[EventDate "2019.07.31"]
[EventType "swiss"]
[EventCountry "RUS"]
[SourceTitle "playchess.com"]
[Source "ChessBase"]
[SourceQuality "1"]
[TimeControl "5400+30"]

1. e4 {[%emt 0:47:36]} c5 {[%emt 0:14:10]} 2. Nf3 {[%emt 0:10:23]} d6 {[%emt 0:00:36]} 3. d4 {[%emt 0:02:01]} cxd4 {[%emt 0:17:56]} 4. Nxd4 {[%emt 0:06:55]} Nf6 {[%emt 0:03:48]} 5. Nc3 {[%emt 0:06:02]} a6 {[%emt 0:00:03]} 6. Be2 {[%emt 0:00:30]} e5 {[%emt 0:06:25]} 7. Nb3 {[%emt 0:08:31]} Be6 {[%emt 0:14:04]} 8. f4 {[%emt 0:05:02]} exf4 {[%emt 0:03:00]} 9. Bxf4 {[%emt 0:02:37]} Nc6 {[%emt 0:03:45]} 10. O-O {[%emt 0:00:02]} Be7 {[%emt 0:00:45]} 11. Kh1 {[%emt 0:04:11]} Rc8 {[%emt 0:04:19]} 12. Qe1 {[%emt 0:00:02]} Ne5 {[%emt 0:01:06]} 13. Rd1 {[%emt 0:00:21]} Qc7 {[%emt 0:00:32]} 14. Nd4 {[%emt 0:00:46]} O-O {[%emt 0:00:45]} 15. Qg3 {[%emt 0:00:48]} Rfe8 {[%emt 0:00:43]} 16. Be3 {[%emt 0:00:51]} Qa5 {[%emt 0:00:45]} 17. Nxe6 {[%emt 0:00:02]} fxe6 {[%emt 0:00:00]} 18. Bd4 {[%emt 0:01:18]} Kh8 {[%emt 0:01:52]} 19. a3 {[%emt 0:01:02]} Bd8 {[%emt 0:00:30]} 20. Bd3 {[%emt 0:01:00]} Bb6 {[%emt 0:24:56]} 21. Qe3 {[%emt 0:00:30]} Bxd4 {[%emt 0:00:30]} 22. Qxd4 {[%emt 0:00:30]} Rc6 {[%emt 0:00:30]} 23. Ne2 {[%emt 0:00:30]} Qb6 {[%emt 0:00:30]} 24. h3 {[%emt 0:00:30]} Kg8 {[%emt 0:00:30]} 25. Kh2 {[%emt 0:00:30]} Rec8 {[%emt 0:00:30]} 26. Kh1 {[%emt 0:00:30]} Kf7 {[%emt 0:00:30]} 27. Rd2 {[%emt 0:00:30]} Ke7 {[%emt 0:00:30]} 28. Rf2 {[%emt 0:00:30]} Qxd4 {[%emt 0:00:30]} 29. Nxd4 {[%emt 0:00:30]} Rb6 {[%emt 0:00:30]} 30. b3 {[%emt 0:00:30]} Rc3 {[%emt 0:00:30]} 31. Rfe2 {[%emt 0:00:30]} Nh5 {[%emt 0:00:30]} 0-1

[Event "Eurasia Open Cup 2019"]
[Site "Ekaterinburg"]
[Date "2019.07.31"]
[Round "1.7"]
[White "Zhigalko, Andrey"]
[Black "Grebnev, Aleksey"]
[Result "1-0"]
[WhiteElo "2549"]
[BlackElo "2093"]
[Annotator "TA"]
[PlyCount "45"]
[EventDate "2019.07.31"]
[EventType "swiss"]
[EventCountry "RUS"]
[SourceTitle "playchess.com"]
[Source "ChessBase"]
[SourceQuality "1"]

{[%evp 18,45,50,43,62,50,156,162,234,217,232,223,221,226,248,235,246,237,251,255,310,301,305,314,339,338,344,318,341,297]} 1. d4 Nf6 2. c4 g6 3. Nc3 Bg7 4. e4 d6 5. Be2 O-O 6. Nf3 Nbd7 7. O-O e5 8. Be3 exd4 9. Nxd4 Re8 10. f3 a5 {E94: King's Indian: Classical: 6 Be2 e5 7 0-0: Various Black 7th moves} (10... c6 11. Qd2 a6 12. Rad1 Ne5 13. Bf2 b5 14. cxb5 axb5 15. Nc2 Bf8 16. Kh1 Be6 17. Bh4 Be7 18. Nd4 b4 19. Nxe6 bxc3 20. Nxd8 cxd2 {0-1 (86) Urkedal,F (2572)-Ehlvest,J (2536) chess.com INT 2018}) 11. Ndb5 Ne5 (11... b6 $14) 12. c5 $16 dxc5 $146 (12... d5 {was necessary.}) ({Predecessor:} 12... Bf8 13. Bg5 Be7 14. Bxf6 Bxf6 15. cxd6 cxd6 16. Qxd6 Be6 17. Qxd8 Rexd8 18. Nc7 {1-0 (55) Khanukov,B (2399)-Diskin,S (2047) Bad Zwischenahn 2008}) 13. Qxd8 $18 ({Not} 13. Bxc5 Bd7 $14) 13... Rxd8 14. Nxc7 Rb8 15. Bxc5 Bd7 16. Rfd1 Nc6 17. Kf2 Bf8 18. Bb6 {White has a decisive advantage.} Be8 19. N7d5 Nxd5 20. exd5 ({Resist} 20. Rxd5 $6 Rdc8 $18) 20... Nb4 21. a3 Na6 22. Ne4 Bg7 23. d6 {Accuracy: White = 70%, Black = 41%.} ({But not} 23. Bxa5 Rdc8 $18) 1-0

[Event "Eurasia Open Cup 2019"]
[Site "Ekaterinburg"]
[Date "2019.07.31"]
[Round "1.8"]
[White "Mukhina, Jana"]
[Black "Sivuk, Vitaly"]
[Result "0-1"]
[WhiteElo "2090"]
[BlackElo "2546"]
[Annotator "TA"]
[PlyCount "40"]
[EventDate "2019.07.31"]
[EventType "swiss"]
[EventCountry "RUS"]
[SourceTitle "playchess.com"]
[Source "ChessBase"]
[SourceQuality "1"]

{[%evp 9,40,0,35,28,48,34,48,29,54,45,91,30,26,-4,0,-15,47,-26,38,36,29,34,20,18,43,-35,-33,-33,-36,-140,-139,-154,-166]} 1. d4 Nf6 2. c4 e6 3. Nc3 Bb4 4. Qb3 c5 5. dxc5 Na6 6. a3 {E22: Nimzo-Indian: 4 Qb3} Bxc5 7. Qc2 $146 ({Predecessor:} 7. Nf3 O-O 8. Qc2 d5 9. b4 Be7 10. e3 Nc7 11. Bb2 a5 12. b5 Bd7 13. Rd1 Rc8 14. Qb3 Qe8 15. Ne5 Rd8 {1-0 (40) Del Rio de Angelis,S (2525)-Moreno Tejera,E (2429) Linares 2018}) 7... O-O 8. b4 {White is slightly better.} Be7 9. e4 $1 Nc7 10. Bd3 (10. e5 $16) 10... a5 $11 11. Rb1 axb4 12. axb4 Na6 (12... d5 $11) 13. Na2 (13. e5 $14 Ng4 14. Bxh7+ Kh8 15. b5) 13... e5 (13... d5 $11 14. cxd5 Qc7) 14. Nf3 $14 d6 15. O-O Bg4 16. Ne1 Rc8 17. h3 (17. Nc3 $14) 17... Be6 $1 $15 18. Qe2 Qc7 {[%cal Re6c4]} 19. b5 ({White should try} 19. Nc3 $15) 19... Nc5 $17 20. b6 Qd8 {Accuracy: White = 44%, Black = 54%.} 0-1